Statistics for Henry Stickmin Endings

Click here to take the quiz!

General Stats

  • This quiz has been taken 134 times
  • The average score is 18 of 32

Answer Stats

Ending% Correct
The Betrayed
75%
Badass Bust Out
68%
Valiant Hero
68%
Ghost Inmate
66%
Convict Allies
65%
Presumed Dead
65%
Revenged
65%
Lawyered Up
63%
Triple Threat
63%
Rapidly Promoted Executive
62%
Sneaky Escapist
62%
Toppat King
62%
Just Plain Epic
61%
Pure Blooded Thief
60%
Intruder on a Scooter
58%
The Story Begins
58%
Relentless Bounty Hunter
56%
Government Supported Private Investigator
55%
Little Nest Egg
55%
Jewel Baron
54%
Toppat 4 Life
54%
Unseen Burglar
53%
Free Man
52%
International Rescue Operative
52%
Stickmin Space Resort
52%
Toppat Civil Warfare
52%
Capital Gains
51%
Cleaned 'em Out
51%
Toppat Recruits
51%
Pardoned Pals
49%
Special BROvert Ops
48%
Master Bounty Hunter
42%

Score Distribution

Percentile by Number Answered

Percent of People with Each Score

Your Score History

You have not taken this quiz